Lineamiento de interpretación constitucional y del bloque constitucional de derechos
Saved in:
| Format: | Book |
|---|---|
| Language: | Spanish |
| Published: |
Santiago
Librotecnia
2006
|
| Edition: | 1a. ed |
| Subjects: | |
| Tags: |
Add Tag
No Tags, Be the first to tag this record!
|
MARC
| LEADER | 00000nam a2200000 a 4500 | ||
|---|---|---|---|
| 001 | UCI2679 | ||
| 003 | CL-VaPUC | ||
| 008 | 070907e20060000CL |||||||||||||||||spa|d | ||
| 020 | |a 9567950377 | ||
| 082 | 0 | 4 | |a 342.02 |b NOG |2 21 |
| 245 | 1 | 0 | |a Lineamiento de interpretación constitucional y del bloque constitucional de derechos |
| 250 | |a 1a. ed | ||
| 300 | |a 413 p | ||
| 942 | |c BK | ||
| 945 | |d 20070907 00:00:00 |a rbrito | ||
| 260 | |a Santiago |b Librotecnia |c 2006 | ||
| 650 | 0 | |a Derecho constitucional |9 222588 | |
| 650 | 0 | |a Interpretación jurídica |9 380837 | |
| 650 | 0 | |a Hermenéutica |9 269473 | |
| 650 | 0 | |a Tribunal constitucional |9 255000 | |
| 650 | 0 | |a Derechos humanos |9 223025 | |
| 650 | 0 | |a Derechos fundamentales |9 254841 | |
| 650 | 0 | |a Jurisprudencia |9 255952 | |
| 583 | |a last modification |c 20070907 00:00:00 |k Rodrigo Vera | ||
| 999 | |c 327157 |d 327155 | ||
| 952 | |0 0 |1 0 |4 0 |6 342_020000000000000_NOG_2006 |7 0 |8 A |9 409632 |a BIBDER |b BIBDER |d 2019-11-22 |i 4370473 |o 342.02 NOG 2006 |p 4370473 |r 2023-01-25 |w 2019-11-22 |y BK |k DER | ||